Inštitucionálne pozadie starostlivosti o migrantov na Slovensku

Legislatívny rámec v oblasti migračnej politiky Slovenskej republiky. Činnosť konkrétnych štátnych inštitúcii ako je Ministerstvo vnútra, Ministerstvo práce, sociálnych vecí a rodiny, Ministerstvo zahraničných vecí, Ministerstvo spravodlivosti a Ministerstvo zahraničných vecí, ktoré sú centrálnymi i...

Descrizione completa

Salvato in:
Dettagli Bibliografici
Autore principale: Eliášová, Martina
Natura: Capitolo di libro
Lingua:slovacco
Soggetti:
Tags: Aggiungi Tag
Nessun Tag, puoi essere il primo ad aggiungerne!!

MARC

LEADER 00000nla$a2200000$$$4500
001 0148570
005 20221207081827.9
041 0 |a slo 
044 |a CZ 
245 1 0 |a Inštitucionálne pozadie starostlivosti o migrantov na Slovensku  |c Martina Eliášová 
520 |a Legislatívny rámec v oblasti migračnej politiky Slovenskej republiky. Činnosť konkrétnych štátnych inštitúcii ako je Ministerstvo vnútra, Ministerstvo práce, sociálnych vecí a rodiny, Ministerstvo zahraničných vecí, Ministerstvo spravodlivosti a Ministerstvo zahraničných vecí, ktoré sú centrálnymi inštitúciami v oblasti migračnej politiky. 
610 2 0 |a ministerstvá 
610 2 0 |a politika azylová 
610 2 0 |a migrácia 
610 2 0 |a cudzinci 
610 2 0 |a pomoc humanitárna 
610 2 0 |a vzťahy zahraničné 
610 2 0 |a multikulturalizmus 
100 1 |a Eliášová, Martina